Music Quiz

Random Music or Country Music Quiz

Name 90s Country Song from Opening Lyric Quiz Stats

 Plays Quiz not verified by Sporcle

Support Sporcle.
Go Orange.
Score 0/65 Timer 15:00
0 Plays Today
Lyric Song % Correct
Johnny's daddy is taking him fishing, when he was 8 years oldDon't Take the Girl
78.4%
It was 700 fence posts from your place to oursMeet in the Middle
67.3%
He was working through college, on my grandpa's farmStrawberry Wine
62.8%
Well, I'm runnin' down the road, tryin to loosen my load, I got 7 women on my mindTake It Easy
62.6%
Just the other night at a hometown football gameUnanswered Prayers
60.1%
I saw the light, I've been baptizedBrand New Man
59%
I bet you never heard Marshall Dylan say, Miss Kitty have you thought of running awayShould've Been a Cowboy
58.9%
I told you I leave a light on, in case, you ever wanted to come back homeEvery light in the house
56.9%
It's amazing how you can speak right to my heartWhen You Say Nothing At All
55.4%
I was driving through Georgia in late july on a day hot enough to make the devil sighWatermelon Crawl
55.3%
I got sent from home one day with a shiner on my eyeLove without end, Amen
54.4%
When I was 14, I was fallin' fastLife's a Dance
51.5%
They said change your clothes, she said no I won'tWild One
51%
Everytime our eyes meet, this feeling inside meAmazed
49.8%
Don't need no copy of Vogue MagazineMy Baby Loves Me
48.1%
I remember it very well looking back, it was the summer I turned 18Fancy
47.6%
When a single mom goes out on a date with somebody newHe Didn't Have to be
47.6%
I read a note my grandma wrote back in 1923Love, Me
46.9%
We go out to a party somewhere, the moment we walk in the doorShe Don't Know She's Beautifiul
46.4%
I'm a little boy with glasses, the one they call the geekDon't Laugh at Me
46%
If you really want to know, she comes here a lotstraight tequila night
43.5%
Boy you sure look good there standin' in the doorway in the sunset lightBye Bye
43%
She's been going out with him, she's been going out with meThat Ain't My Truck
42.2%
Big Orange Ball sinking in the waterHow Forever Feels
41.8%
She turned up her nose, as she walked by my CadillacSome girls Do
40.3%
One day, shy of 8 years old, grandma passed awayHoles in the floor of Heaven
40.2%
Who doesn't know what I'm talkin' about, who's never left home, who has never struck outWide Open Spaces
39.9%
Blue lights flashin' in my rear view, the sheriff said boy i should have known it was youToo Much Fun
39.4%
Can't concentrate on the preacher, preacher, my attention span done turned offDaddy's Money
39.2%
They were farm kids, way down in DixieJohn Deere Green
38.4%
There's an Elvis movie on the marquee signSmall Town Saturday Night
35.6%
You can tell the world you never was my girlAchy Breaky Heart
34.4%
I've seen a lot of places, I've been around the worldGod Blessed Texas
31.2%
Lyric Song % Correct
I woke up this morning, my head felt denseWink
31%
Mama told her baby, girl take it real slow Walkaway Joe
30.3%
Well, I was raised in a sophisticated kind of styleTrashy Women
29.7%
I pretend that I'm glad you went away, but these 4 walls are closing more everydayNobody Knows
27.3%
She was standing by the front door, when I came home last nightOne More Last Chance
26.7%
Standing on the border, looking out onto the great unknownOne Way Ticket
24.6%
Every morning I watch you walk in to the office in your business suit and matching shoesIn a Different Light
24.4%
When I woke up this morning stumbled out of my rackI feel lucky
24.2%
What's that, I hear angels singingWhat's it to you
23.1%
Clear creeks and cool mountain mornin'sBorn Country
22.9%
I know that every morning you go thumbing through the personal want adsSingle White Female
22.8%
It's another back-door sneakin' in, Where you been? midnightGoodbye says it all
21.6%
Got in this morning at 4 am, you're as mad as you can beGuys Do It All The Time
21.5%
Sometimes she runs, sometimes she don'tThere ain't nothing wrong with the radio
21%
A high roller even when the chips are downA Good Run of Bad Luck
18.9%
This old bar stools feeling higher, As a started sinking lowerShe's Got the rhythm
18.8%
Well, it sure feels good to come in here, and just pull up a seatToo Cold at Home
18.1%
You got a thing or two to learn about me, babyBlame it on Your Heart
17.1%
I'm looking for a lover who can rave his little engine upYou Win My Love
16.7%
It wasn't the books that I didnt read, it wasnt the teachers that tried to teach meBobbie Ann Mason
16.6%
She couldn't keep from crying, when she told me goodbyeParty Crowd
15.8%
Don't tell me the reason why you're callin, is to see if I'm alright since you been goneBetter things to do
15.8%
It's good to see your face again, it's been a whileI See It Now
14.7%
Had to leave my life in Dallas, that'll town will always be youA Little Past Little Rock
14.1%
Well, I lost my heart on the day we metIf I didn't have you
13.7%
You said this ain't over yet, I've said things I'll regretNobody Wins
13.2%
You look surprised, you didn't think you see meExcept for Monday
11.9%
They said your love life's in trouble in a magazine I readDown to my last Teardrop
9.6%
Hold it right there, don't say a word, I hear a voice, I've never heardI Don't Think I Will
9.1%
After work, me and the boys, go down to Kitty's and make some noiseRock My Baby
7.5%
It's been a long time, since I felt her closeStanding on the Edge of Goodbye
6.4%
I heard you been feeling down, nobody's seen you aroundIf She Don't Love You
4.7%

You're not logged in!

Compare scores with friends on all Sporcle quizzes.
OR
Log In

From the Vault

Cover the Alphabet - NBA Teams

by PenguinsMeercats

In the MLB you can cover your bases. In the NBA, you might need to cover your baskets.
Remove Ads.
Support Sporcle.
Get the best of Sporcle when you Go Orange. This ad-free experience offers more features, more stats, and more fun while also helping to support Sporcle. Thank you for becoming a member.

Show Comments

Extras

Created Feb 8, 2011ReportNominate
Tags:Country Music Quiz

Top Quizzes Today


Score Distribution

Your Account Isn't Verified!

In order to create a playlist on Sporcle, you need to verify the email address you used during registration. Go to your Sporcle Settings to finish the process.

Report this User

Report this user for behavior that violates our Community Guidelines.

Details: